Statystyki dla Wszystkie kluby z Bundesliga 21/22

Kliknij tutaj aby rozwiązać quiz!

Ogólne statystyki

  • Ten quiz został rozwiązany 57 razy
  • Średni wynik to 9 z 18

Statystyki odpowiedzi

Odpowiedz% Poprawnych
Bayern
98%
Borussia
98%
Bayer Leverkusen
63%
Union Berlin
63%
Lipsk
61%
Hertha
57%
Wolfsburg
57%
Koln
51%
Borussia Monchengladbach
47%
Augsburg
43%
Hoffenheim
41%
Bochum
37%
Mainz
37%
Eintracht Frankfurt
31%
Freiburg
31%
Stuttgart
29%
Greuther Furth
27%
Bielefeld
22%

Rozkład punktacji

Percentyl według liczby udzielonych odpowiedzi

Procent ludzi z każdym wynikiem

Twoja historia wyników

Nie rozwiązałeś tego quizu